000 00352nam a2200145Ia 4500
100 _aTreves/ R.
650 _aGeneral
942 _cBK
654 _aMaking your own Recreations
245 _aHow to make your Own Recreations and Hobby rooms
260 _bBarnes & noble Books
_aNew York
_c1974
082 _a728
300 _a164
546 _aENGLISH
999 _c18825
_d18825